000 00832cab a2200241 4500
001 WB3022-21
008 090401t1994 xxu||||| |||| 00| 0 eng d
035 _a(Sirsi) u66833
041 _aeng
245 _aLeasehold test
260 _c1994
350 _a0
490 _aProperty Week
_v45(10) 9 June 1994, 18; 46(1) 7 July 1994, 15(2)
520 _aThe first test of the Leasehold Reform Act is due this month when a tribunal will settle a dispute about the freehold value of a block of flats where tenants are exercising their right to buy.
650 _aFLATS
650 _aFREEHOLD VALUE
650 _aLEASEHOLD REFORM, HOUSING AND URBAN DEVELOPMENT ACT 1993
650 _aLEASEHOLD VALUATIONS
650 _aMARRIAGE VALUE
690 _aLANDLORD AND TENANT-LEASEHOLD REFORM
942 _n0
948 _c04/03/1997
999 _c41765
_d41765